100 món ăn đổi bữa
Hướng dẫn chuẩn bị nguyên liệu và cách thực hiện chi tiết các món xôi, bánh điểm tâm, cơm, lẩu, các món phở, mì, bún
Saved in:
| Main Author: | |
|---|---|
| Format: | Book |
| Language: | Vietnamese |
| Published: |
H.
Phụ nữ
2007
|
| Edition: | Tái bản |
| Subjects: | |
| Tags: |
Add Tag
No Tags, Be the first to tag this record!
|
| Institutions: | Mạng thư viện Đại học Đà Nẵng |
|---|
| LEADER | 01261nam a2200361 4500 | ||
|---|---|---|---|
| 001 | 000006673 | ||
| 003 | 2831 | ||
| 005 | 20110919080920.0 | ||
| 008 | 110916s2007 viesd | ||
| 020 | |c 40000đ | ||
| 041 | 0 | |a vie | |
| 082 | |a 641.7 |b NG-T | ||
| 100 | 0 | |a Nguyễn Thị Diệu Thảo | |
| 245 | 0 | |a 100 món ăn đổi bữa |c Nguyễn Thị Diệu Thảo | |
| 250 | |a Tái bản | ||
| 260 | |a H. |b Phụ nữ |c 2007 | ||
| 300 | |a 206 tr |b ảnh |c 24 cm | ||
| 520 | |a Hướng dẫn chuẩn bị nguyên liệu và cách thực hiện chi tiết các món xôi, bánh điểm tâm, cơm, lẩu, các món phở, mì, bún | ||
| 653 | |a Nấu ăn | ||
| 653 | |a Món ăn | ||
| 653 | |a Nội trợ | ||
| 700 | |a Nguyễn Thị Diệu Thảo | ||
| 910 | |a Nguyễn Thị Kim Oanh |d 16/09/2011 | ||
| OWN | |a LSP | ||
| AVA | |a UDN50 |b LSP |d 641.7 NG-T |e available |t Error 5001 Not defined in file expand_doc_bib_avail. |f 8 |g 0 |h N |i 0 |k 1 | ||
| 999 | |a From the UDN01 | ||
| AVA | |a UDN50 |b LSP |d 641.7 NG-T |e available |t Error 5001 Not defined in file expand_doc_bib_avail. |f 8 |g 0 |h N |i 0 |k 1 | ||
| TYP | |a Monograph | ||
| TYP | |a Printed language | ||
| 980 | |a Mạng thư viện Đại học Đà Nẵng | ||